01499nac a22003251u 4500010001600000082001300016090001500029100003400044245016500078260004500243300003400288440004700322500012300369500002000492500002600512511002600538650003600564650003600600650003600636650003600672700003300708740003500741740004500776740002400821830009600845942001500941999001500956952010100971952010101072 a 8516327200a603bSHA c6232d6232 aEl-Shafei Ahmed Mokht 10aTechnical dictionary. Telecommunication engineering:bEnglish-French-German-Arabic /cCompiled by: Ahmed Mokhtar El-Shafei; Edited by Anwar Mahmoud Abd-El-Wahed a[Leipzig] :bEdition Leipzig,1983c1983. a277, 134 p. :bill. ;c22 cm. aal-maajim al Technolozhiya Al Takhasusiyah aTitle on p. [4] of cover: Telecommunication engineering = Technique de teÌ?leÌ?communication = Nachrichtentechnik. aIncludes index. adistributer: Al-Ahram acatalogued by: wessam 0aTelecommunicationvDictionaries 0aTechnologyvDictionaries Arabic 0aTechnologyvDictionaries French 0aTechnologyvDictionaries German1 aAbd al-Wahid, Anwar Mahmoud.0 aTelecommunication engineering.0 aTechnique de teÌ?leÌ?communications.0 aNachrichtentechnik. 0aMaÊ»aÌ„jim al-tiknuÌ„luÌ„zhiÌ„yah al-takhasÌ£sÌ£usÌ£iÌ„yah. cNBk603SHA c6232d6232 00104070aMAINbMAINc1STd2007-11-19ePurchasel0o603SHAp000007120r2025-07-15 00:00:00yNB 00104070aMAINbMAINc1STd2007-11-19ePurchasel0o603SHAp000007140r2025-07-15 00:00:00yNB